| 000 | ncm a22 a 4500 | ||
|---|---|---|---|
| 999 |
_c359275 _d359275 |
||
| 003 | BLK | ||
| 005 | 20201007040742.0 | ||
| 008 | 200503b bu ||||| |||| 00| 0 bu d | ||
| 040 | _aBLK | ||
| 041 |
_aRUS _cRUS |
||
| 080 |
_aКамерна вок. муз. Песни, балади, арии, романси _b784.3 _z784.3 |
||
| 100 |
_aГречанинов, Александр Тихонович _eпърви автор _91299 |
||
| 139 |
_aГречанинов, Александр Тихонович _bГ 80 |
||
| 245 |
_aИзбранные романсы _bДля голоса в сопровожд. ф.-п. _cАлександр Тихонович Гречанинов |
||
| 260 |
_9402764 _aМосква _bМузыка _c1964 |
||
| 300 |
_a56 с. _c29 см |
||
| 380 | _a7 | ||
| 500 | _aСъдържа: Романсы на слова А. Толстого Край ты мой: Соч. 1, № 4 На нивы желтые Романсы на слова А. Пушкина Ночь Узник: Соч. 20, № 3-4 Романсы на слова Allegro Подснежник Ночь: Соч. 47 Романсы на слова Г. Гейне Посвящение Лесом иду я По вечерам в часы печальных грез: Соч. 51, №№ 1, 3, 5 Preludium: Соч. 54, № 4 Колыбельная: Соч. 1, № 5 Сл. М. Лермонтова Что ты поникла, зеленая ивушка: Соч. 5, № 3 Сл. А. Плещеева Она была твоя: Соч. 7, № 1 Сл. А. Апухтина Что-то здесь осиротело: Соч. 51, № 7 Сл. В. Соловьева О, если бы озером был я ночным: Соч. 76, № 5 Сл. А. Фета (из Гафиза) Восточная песня Сл. С. Городецкого; Розовый отблеск заката / Сл. Д. Ратгауза Птичка Сл. Л. Полонского | ||
| 650 | 0 |
_9403472 _aРоманси, вокални |
|
| 653 | 7 |
_9195718 _aроманси |
|
| 852 | _aЦб М ІІ 3056 | ||
| 942 |
_cNOT _n0 _s1 |
||
| 944 |
_c2020-05-03 _kВалентина Караджова |
||